000 01111nam a2200253Ia 4500
999 _c54966
_d54966
001 22037
003 GE_BSU
005 20220928175731.0
008 181216s1984||||ge |||||||||||||| ||geo||
040 _cGE_BSU
041 _ageo
080 _a821.353.1(092 ჯავახიშვილი,მ.) ჭ-34
100 _aჭელიძე, გიზო
_914892
245 _aმიხეილ ჯავახიშვილი და ფოლკლორი /
_cგიზო ჭელიძე ; რედ. ზ. კუხიანიძე.
264 _aქუთაისი :
_bსაბჭოთა საქართველო,
_c1984.
300 _a110 გვ. ;
_c15 სმ.
541 _h3ლ.
653 _aმიხეილ ჯავახიშვილი და ფოლკლორი
653 _aქართული ლიტერატურა
653 _aმიხეილ ჯავახიშვილი
653 _aქართული ფოლკლორი
700 _aკუხიანიძე, ზ.
_eრედაქტორი
_93047
942 _cBK
_2udc